| 000 | 00574nam a2200217Ia 4500 | ||
|---|---|---|---|
| 005 | 20230426113450.0 | ||
| 008 | 131103s9999 xx 000 0 und d | ||
| 020 |
_a8173040303 _cRs.35 |
||
| 040 | _aLoreto College | ||
| 041 | _aEnglish | ||
| 082 |
_a338.954 _bRAY |
||
| 100 | _aRay,S.N. | ||
| 245 |
_aCommunication and rural development in India _cS.N.Ray |
||
| 260 |
_aSimla _bIndian Institute Of Advanced Study _c1992 |
||
| 300 | _a42 p. | ||
| 504 | _aIncludes references | ||
| 650 | _aProduction | ||
| 651 | _aProduction-India | ||
| 850 | _aLCLIB | ||
| 942 | _cBK | ||
| 999 |
_c4126 _d54605 |
||